[Event "Mittelfrank Regionalliga Sud-Ost 2223"]
[Site "Mittelfranken"]
[Date "2023.03.05"]
[Round "7.3"]
[White "Hirtreiter, Alexander"]
[Black "Jaworek, Thomas"]
[Result "1/2-1/2"]
[WhiteElo "1927"]
[BlackElo "1957"]
[PlyCount "67"]
[EventDate "2022.10.09"]
[EventType "team-tourn"]
[EventRounds "9"]
[EventCountry "GER"]
[SourceTitle "EXT 2024"]
[Source "ChessBase"]
[SourceDate "2023.10.10"]
[SourceVersion "1"]
[SourceVersionDate "2023.10.10"]
[SourceQuality "1"]
[WhiteTeam "Landau Dingolfing"]
[BlackTeam "Bruckmuehl"]
[WhiteTeamCountry "GER"]
[BlackTeamCountry "GER"]

1. e4 e6 2. Nc3 d5 3. d4 Bb4 4. exd5 exd5 5. Nf3 Bf5 6. Bd3 Ne7 7. Bxf5 Nxf5 8. Qd3 Nd6 9. 0-0 Bxc3 10. Qxc3 0-0 11. Bf4 b6 12. a3 f6 13. Rfe1 Qd7 14. Bxd6 Qxd6 15. Re2 Nc6 16. Rae1 Qd7 17. Re6 Ne5 18. Nxe5 Qxe6 19. Ng6 Qd7 20. Nxf8 Kxf8 21. f3 Re8 22. Rxe8+ Kxe8 23. Kf2 Qd6 24. g3 a5 25. b4 axb4 26. axb4 Kd7 27. b5 c6 28. bxc6+ Qxc6 29. Qd3 g6 30. h4 Ke7 31. h5 Kf7 32. hxg6+ hxg6 33. Qb3 Kg7 34. Qd3 1/2-1/2

[Event "Mittelfrank Regionalliga Sud-Ost 2223"]
[Site "Mittelfranken"]
[Date "2022.12.11"]
[Round "4.4"]
[White "Zauner, Christoph"]
[Black "Jaworek, Thomas"]
[Result "1-0"]
[WhiteElo "2024"]
[BlackElo "1957"]
[PlyCount "49"]
[EventDate "2022.10.09"]
[EventType "team-tourn"]
[EventRounds "9"]
[EventCountry "GER"]
[SourceTitle "EXT 2024"]
[Source "ChessBase"]
[SourceDate "2023.10.10"]
[SourceVersion "1"]
[SourceVersionDate "2023.10.10"]
[SourceQuality "1"]
[WhiteTeam "Passau II"]
[BlackTeam "Bruckmuehl"]
[WhiteTeamCountry "GER"]
[BlackTeamCountry "GER"]

1. e4 e6 2. d4 d5 3. Nc3 Bb4 4. e5 c5 5. a3 Bxc3+ 6. bxc3 Ne7 7. Qg4 0-0 8. Bd3 Nbc6 9. Bg5 Qa5 10. Ne2 cxd4 11. f4 Bd7 12. 0-0 Ng6 13. Rf3 Nce7 14. Bxe7 Nxe7 15. Rg3 g6 16. Qh4 Nf5 17. Bxf5 exf5 18. Qh6 f6 19. Rxg6+ hxg6 20. Qxg6+ Kh8 21. exf6 Rxf6 22. Qxf6+ Kg8 23. Qxd4 Re8 24. Ng3 Kf7 25. Kf2 1-0

[Event "Mittelfrank Regionalliga Sud-Ost 2223"]
[Site "Mittelfranken"]
[Date "2022.10.23"]
[Round "2.4"]
[White "Schrader, Jan Erik"]
[Black "Jaworek, Thomas"]
[Result "1/2-1/2"]
[WhiteElo "1983"]
[BlackElo "1957"]
[PlyCount "61"]
[EventDate "2022.10.09"]
[EventType "team-tourn"]
[EventRounds "9"]
[EventCountry "GER"]
[SourceTitle "EXT 2024"]
[Source "ChessBase"]
[SourceDate "2023.10.10"]
[SourceVersion "1"]
[SourceVersionDate "2023.10.10"]
[SourceQuality "1"]
[WhiteTeam "Groebenzell II"]
[BlackTeam "Bruckmuehl"]
[WhiteTeamCountry "GER"]
[BlackTeamCountry "GER"]

1. e4 e6 2. d4 d5 3. e5 c5 4. c3 Nc6 5. Nf3 Qb6 6. a3 a5 7. Bd3 Bd7 8. Bc2 Qa6 9. dxc5 Bxc5 10. Bd3 Qb6 11. 0-0 Nge7 12. Nbd2 Ng6 13. Bxg6 fxg6 14. Nb3 Be7 15. Nbd4 a4 16. Qe2 0-0 17. Re1 Na5 18. Bg5 Rae8 19. Rab1 h6 20. Bxe7 Rxe7 21. h4 Be8 22. Qd3 Ref7 23. Rf1 Nc4 24. Nd2 Nxd2 25. Qxd2 Bb5 26. Nxb5 Qxb5 27. Rbe1 Rf5 28. Re3 g5 29. hxg5 Rxg5 30. Qe2 Qxe2 31. Rxe2 1/2-1/2

[Event "Regionalliga Sued-Ost 1819"]
[Site "Bayern"]
[Date "2019.04.07"]
[Round "9.3"]
[White "Jaworek, Thomas"]
[Black "Offinger, Robert"]
[Result "1/2-1/2"]
[WhiteElo "2004"]
[BlackElo "2124"]
[PlyCount "82"]
[EventDate "2018.10.21"]
[EventType "team-tourn"]
[EventRounds "9"]
[EventCountry "GER"]
[SourceTitle "EXT 2022"]
[Source "ChessBase"]
[SourceDate "2021.10.06"]
[SourceVersion "1"]
[SourceVersionDate "2021.10.06"]
[SourceQuality "1"]
[WhiteTeam "Bruckmühl SK"]
[BlackTeam "Passau II"]
[WhiteTeamCountry "GER"]
[BlackTeamCountry "GER"]

1. e4 e6 2. d4 d5 3. e5 c5 4. c3 Nc6 5. Nf3 Bd7 6. a3 Nge7 7. dxc5 Ng6 8. b4 Ncxe5 9. Nxe5 Nxe5 10. f4 Ng6 11. Bd3 Be7 12. Be3 Bf6 13. 0-0 Qc7 14. g3 a5 15. Ra2 0-0 16. Raf2 axb4 17. cxb4 e5 18. fxe5 Bxe5 19. Bxg6 hxg6 20. Bd4 Bf5 21. Nc3 Be4 22. Nxe4 dxe4 23. Bxe5 Qxe5 24. Qb3 Qe7 25. a4 Rae8 26. a5 Qe6 27. Qxe6 Rxe6 28. Rd2 f5 29. Rd7 Rf7 30. Rxf7 Kxf7 31. Kf2 e3+ 32. Ke2 Re4 33. Rb1 Ke8 34. b5 Kd7 35. Rd1+ Kc7 36. Rd6 g5 37. Rg6 f4 38. Rxg7+ Kc8 39. gxf4 gxf4 40. Rf7 Ra4 41. h4 Ra2+ 1/2-1/2

[Event "Regionalliga Sued-Ost 1819"]
[Site "Bayern"]
[Date "2019.02.24"]
[Round "7.3"]
[White "Seisenberger, Georg"]
[Black "Jaworek, Thomas"]
[Result "0-1"]
[WhiteElo "1996"]
[BlackElo "2004"]
[PlyCount "110"]
[EventDate "2018.10.21"]
[EventType "team-tourn"]
[EventRounds "9"]
[EventCountry "GER"]
[SourceTitle "EXT 2022"]
[Source "ChessBase"]
[SourceDate "2021.10.06"]
[SourceVersion "1"]
[SourceVersionDate "2021.10.06"]
[SourceQuality "1"]
[WhiteTeam "Ilmmuenster"]
[BlackTeam "Bruckmühl SK"]
[WhiteTeamCountry "GER"]
[BlackTeamCountry "GER"]

1. d4 Nf6 2. c4 c5 3. d5 b5 4. cxb5 a6 5. f3 d6 6. e4 g6 7. Na3 Bg7 8. Ne2 0-0 9. Nc3 Nbd7 10. Be2 axb5 11. Naxb5 Ba6 12. 0-0 Qb6 13. Be3 Qb7 14. a4 Rfb8 15. Rb1 Ne8 16. Qd2 Nc7 17. Rfd1 Nb6 18. b3 Nc8 19. Bc4 Bxb5 20. axb5 Bxc3 21. Qxc3 Nxb5 22. Bxb5 Qxb5 23. e5 Qb4 24. Qc2 Ra3 25. exd6 exd6 26. Bh6 Ne7 27. g4 Rxb3 28. Rxb3 Qxb3 29. Qxb3 Rxb3 30. Ra1 Rb8 31. Ra6 Nxd5 32. Rxd6 Nb4 33. Rd7 Rc8 34. Kf1 c4 35. Ke2 c3 36. Kd1 c2+ 37. Ke2 c1Q 38. Bxc1 Rxc1 39. h4 Rh1 40. Rb7 Nc6 41. Rc7 Nd4+ 42. Ke3 Ne6 43. Rc8+ Kg7 44. Kf2 Rxh4 45. Rc1 Rh2+ 46. Kg3 Ra2 47. Rb1 Ra3 48. Kg2 Nd4 49. Rf1 Nxf3 50. Rxf3 Rxf3 51. Kxf3 Kf6 52. Kf4 g5+ 53. Ke4 Kg6 54. Ke5 h5 55. gxh5+ Kxh5 0-1

[Event "Regionalliga Sued-Ost 1819"]
[Site "Bayern"]
[Date "2018.10.21"]
[Round "1.3"]
[White "Senftleben, Oliver"]
[Black "Jaworek, Thomas"]
[Result "1/2-1/2"]
[WhiteElo "2024"]
[BlackElo "2004"]
[PlyCount "34"]
[EventDate "2018.10.21"]
[EventType "team-tourn"]
[EventRounds "9"]
[EventCountry "GER"]
[SourceTitle "EXT 2022"]
[Source "ChessBase"]
[SourceDate "2021.10.06"]
[SourceVersion "1"]
[SourceVersionDate "2021.10.06"]
[SourceQuality "1"]
[WhiteTeam "Ingolstadt"]
[BlackTeam "Bruckmühl SK"]
[WhiteTeamCountry "GER"]
[BlackTeamCountry "GER"]

1. e4 e6 2. f4 d5 3. e5 c5 4. Nf3 Nc6 5. c3 Nh6 6. Na3 Nf5 7. Bd3 Nh4 8. Nxh4 Qxh4+ 9. g3 Qh3 10. Qf3 Be7 11. Nb5 0-0 12. Bf1 Qf5 13. d4 a6 14. Bd3 Qh3 15. Bf1 Qf5 16. Bd3 Qh3 17. Bf1 Qf5 1/2-1/2

[Event "Regionalliga Sued-Ost 1718"]
[Site "Bayern"]
[Date "2017.10.22"]
[Round "1.4"]
[White "Poelt, Christoph"]
[Black "Jaworek, Thomas"]
[Result "1/2-1/2"]
[WhiteElo "1978"]
[BlackElo "2007"]
[PlyCount "120"]
[EventDate "2017.10.22"]
[EventType "team-tourn"]
[EventRounds "9"]
[EventCountry "GER"]
[SourceTitle "EXT 2022"]
[Source "ChessBase"]
[SourceDate "2021.10.06"]
[SourceVersion "1"]
[SourceVersionDate "2021.10.06"]
[SourceQuality "1"]
[WhiteTeam "Tegernsee TV"]
[BlackTeam "Bruckmuehl SK"]
[WhiteTeamCountry "GER"]
[BlackTeamCountry "GER"]

1. d4 Nf6 2. c4 c5 3. d5 b5 4. cxb5 a6 5. Nc3 axb5 6. e4 b4 7. Nb5 d6 8. Bc4 g6 9. Nf3 Bg7 10. 0-0 0-0 11. Re1 Bg4 12. h3 Bxf3 13. Qxf3 Nbd7 14. Bf1 Ra5 15. Qd1 Qb8 16. a4 bxa3 17. Nxa3 Nb6 18. Bd2 Ra4 19. Qc2 Nfd7 20. Bb5 Ra7 21. Rab1 e6 22. dxe6 fxe6 23. Nc4 d5 24. Nxb6 Qxb6 25. Bf1 c4 26. Bg5 Nc5 27. exd5 exd5 28. Be3 Qb4 29. Red1 Ra2 30. Rxd5 Nd3 31. Bxd3 cxd3 32. Rxd3 Rxb2 33. Rxb2 Qxb2 34. Qxb2 Bxb2 35. g3 Kg7 36. Rd7+ Rf7 37. Rxf7+ Kxf7 38. Kg2 h5 39. Kf3 Kf6 40. Ke4 Ke6 41. Bd4 Bc1 42. Bc3 Bh6 43. f3 Bc1 44. Bd4 Bh6 45. g4 hxg4 46. fxg4 Bc1 47. Be3 Bb2 48. Bg5 Bc3 49. Bf4 Bb2 50. g5 Bc3 51. Be3 Bb2 52. Kf4 Be5+ 53. Kg4 Bc3 54. Bb6 Be5 55. Bd8 Bc3 56. h4 Bd4 57. Ba5 Be5 58. Bd2 Bd4 59. h5 gxh5+ 60. Kxh5 Kf7 1/2-1/2

[Event "Regionalliga SO 1617"]
[Site "Bayern"]
[Date "2017.01.15"]
[Round "4.6"]
[White "Ebenhoech, Daniel"]
[Black "Jaworek, Thomas"]
[Result "0-1"]
[WhiteElo "2066"]
[BlackElo "1935"]
[PlyCount "93"]
[EventDate "2016.10.16"]
[EventType "team-tourn"]
[EventRounds "9"]
[EventCountry "GER"]
[SourceTitle "EXT 2019"]
[Source "ChessBase"]
[SourceDate "2018.10.10"]
[SourceVersion "1"]
[SourceVersionDate "2018.10.10"]
[SourceQuality "1"]
[WhiteTeam "Ingolstadt"]
[BlackTeam "Bruckmuehl"]
[WhiteTeamCountry "GER"]
[BlackTeamCountry "GER"]

1. d4 Nf6 2. c4 c5 3. d5 b5 4. Nf3 bxc4 5. Nc3 g6 6. e4 d6 7. Bxc4 Bg7 8. h3 0-0 9. 0-0 Ba6 10. Nd2 Qb6 11. Qe2 Bxc4 12. Nxc4 Qa6 13. Re1 Nbd7 14. Bf4 Nb6 15. Nd2 Qxe2 16. Rxe2 Nfd7 17. Bg5 Rfe8 18. a4 Ne5 19. Nb5 h6 20. Bf4 Nd3 21. Be3 Rec8 22. a5 Nd7 23. Nc4 a6 24. Nba3 Rab8 25. Rb1 Rb3 26. f4 Rcb8 27. e5 dxe5 28. fxe5 N3xe5 29. Nxe5 Bxe5 30. Nc4 Bg7 31. Rc1 Bxb2 32. Rcc2 Bg7 33. Bf4 Rd8 34. Rxe7 Nf6 35. d6 Nd5 36. Bh2 Bd4+ 37. Kf1 Rb1+ 38. Ke2 Nxe7 39. dxe7 Re8 40. Bd6 Bf6 41. Bxc5 Bxe7 42. Bxe7 Rxe7+ 43. Kd3 Rd7+ 44. Kc3 Rb5 45. Re2 Rc7 46. Kd3 Rd5+ 47. Kc3 0-1

[Event "Regionalliga SO 1617"]
[Site "Bayern"]
[Date "2016.11.20"]
[Round "2.6"]
[White "Reisser, Simon"]
[Black "Jaworek, Thomas"]
[Result "1/2-1/2"]
[WhiteElo "1925"]
[BlackElo "1935"]
[PlyCount "95"]
[EventDate "2016.10.16"]
[EventType "team-tourn"]
[EventRounds "9"]
[EventCountry "GER"]
[SourceTitle "EXT 2019"]
[Source "ChessBase"]
[SourceDate "2018.10.10"]
[SourceVersion "1"]
[SourceVersionDate "2018.10.10"]
[SourceQuality "1"]
[WhiteTeam "Trostberg"]
[BlackTeam "Bruckmuehl"]
[WhiteTeamCountry "GER"]
[BlackTeamCountry "GER"]

1. e4 e6 2. d4 d5 3. exd5 exd5 4. Bd3 Bd6 5. Nf3 Bg4 6. 0-0 Nc6 7. c3 Qd7 8. Nbd2 Nge7 9. b4 0-0 10. Qc2 Bf5 11. Re1 f6 12. a4 Rfe8 13. Ba3 Bxd3 14. Qxd3 Qf5 15. Qxf5 Nxf5 16. Rxe8+ Rxe8 17. b5 Bxa3 18. Rxa3 Na5 19. Kf1 Kf7 20. Nb3 Nxb3 21. Rxb3 Nd6 22. Nd2 Ne4 23. Nxe4 Rxe4 24. f3 Re6 25. Rb2 Ke7 26. Re2 Rxe2 27. Kxe2 Kd6 28. Kd3 c6 29. bxc6 Kxc6 30. c4 b6 31. h4 h5 32. g4 hxg4 33. fxg4 dxc4+ 34. Kxc4 a6 35. d5+ Kd6 36. Kd4 Kd7 37. g5 fxg5 38. hxg5 Kd6 39. g6 b5 40. a5 Kd7 41. Kc5 Kc7 42. d6+ Kd7 43. Kd5 b4 44. Kc4 Kxd6 45. Kxb4 Kd5 46. Kc3 Kc5 47. Kd3 Kd5 48. Kc3 1/2-1/2

[Event "Regionalliga SO 1617"]
[Site "Bayern"]
[Date "2016.10.16"]
[Round "1.6"]
[White "Jaworek, Thomas"]
[Black "Reischl, Markus"]
[Result "0-1"]
[WhiteElo "1935"]
[BlackElo "1972"]
[PlyCount "56"]
[EventDate "2016.10.16"]
[EventType "team-tourn"]
[EventRounds "9"]
[EventCountry "GER"]
[SourceTitle "EXT 2019"]
[Source "ChessBase"]
[SourceDate "2018.10.10"]
[SourceVersion "1"]
[SourceVersionDate "2018.10.10"]
[SourceQuality "1"]
[WhiteTeam "Bruckmuehl"]
[BlackTeam "Ilmmuenster"]
[WhiteTeamCountry "GER"]
[BlackTeamCountry "GER"]

1. e4 c5 2. Nf3 d6 3. d4 cxd4 4. Nxd4 Nf6 5. Nc3 a6 6. f4 e6 7. Be2 Be7 8. Be3 Qc7 9. 0-0 0-0 10. Qe1 b5 11. Bf3 Bb7 12. e5 Ne8 13. Qg3 Nd7 14. a3 Rc8 15. Rae1 Bxf3 16. Nxf3 Qc4 17. Bd4 dxe5 18. fxe5 Bc5 19. Re4 Nb6 20. Qh3 Nd5 21. Nxd5 Qxd5 22. Rh4 h6 23. c3 Rd8 24. Rxh6 gxh6 25. Qxh6 Bxd4+ 26. cxd4 Ng7 27. Ng5 Qxd4+ 28. Kh1 Qd3 0-1

[Event "Regionalliga SO 1516"]
[Site "Bayern"]
[Date "2016.01.17"]
[Round "5.7"]
[White "Jaworek, Thomas"]
[Black "Soergel, Thomas"]
[Result "0-1"]
[WhiteElo "1930"]
[BlackElo "2009"]
[PlyCount "136"]
[EventDate "2015.10.11"]
[EventType "team-tourn"]
[EventRounds "9"]
[EventCountry "GER"]
[SourceTitle "EXT 2018"]
[Source "ChessBase"]
[SourceDate "2017.10.13"]
[SourceVersion "1"]
[SourceVersionDate "2017.10.13"]
[SourceQuality "1"]
[WhiteTeam "Bruckmuehl"]
[BlackTeam "Graefelfing"]
[WhiteTeamCountry "GER"]
[BlackTeamCountry "GER"]

1. e4 e6 2. d4 d5 3. e5 c5 4. c3 Nc6 5. Nf3 Bd7 6. a3 c4 7. Nbd2 Na5 8. h4 Bc6 9. h5 h6 10. g3 Qd7 11. Bh3 Be7 12. Rb1 Ba4 13. Qe2 Bc2 14. Ra1 Bd3 15. Qe3 Qb5 16. Bf1 Bxf1 17. Kxf1 Nb3 18. Nxb3 Qxb3 19. Qe2 Bd8 20. Kg2 Ne7 21. Nh4 Nc6 22. f4 Bxh4 23. Rxh4 Ne7 24. g4 0-0-0 25. Be3 Rdg8 26. Rhh1 g6 27. Kf3 Rh7 28. Rag1 Kd7 29. Rg2 Rhg7 30. hxg6 Rxg6 31. Rhg1 h5 32. gxh5 Rxg2 33. Rxg2 Rxg2 34. Kxg2 Nf5 35. Bf2 Ke7 36. Kh3 Kf8 37. Kg4 Kg7 38. Bh4 Kh7 39. Bf6 Qa2 40. Bh4 Qb1 41. Be1 b5 42. Kf3 a5 43. Kf2 Qc1 44. Kf3 b4 45. axb4 axb4 46. Kg4 b3 47. Kf3 Kh6 48. Kg4 Qd1 49. Kf3 Qxe2+ 50. Kxe2 Kxh5 51. Kf3 Ne7 52. Bg3 Nf5 53. Be1 Nh6 54. Bf2 Kg6 55. Be1 Kf5 56. Bf2 f6 57. Bh4 fxe5 58. fxe5 Ng4 59. Bg3 Kg5 60. Bf4+ Kh4 61. Bg3+ Kh3 62. Bf4 Kh4 63. Bg3+ Kh5 64. Bf4 Nh6 65. Bg3 Nf5 66. Bf4 Ne7 67. Bg3 Nc6 68. Bf2 Nb4 0-1

[Event "Regionalliga SO 1516"]
[Site "Bayern"]
[Date "2015.10.11"]
[Round "1.6"]
[White "Jaworek, Thomas"]
[Black "Zinner, Bernhard"]
[Result "1-0"]
[WhiteElo "1930"]
[BlackElo "1677"]
[PlyCount "33"]
[EventDate "2015.10.11"]
[EventType "team-tourn"]
[EventRounds "9"]
[EventCountry "GER"]
[SourceTitle "EXT 2018"]
[Source "ChessBase"]
[SourceDate "2017.10.13"]
[SourceVersion "1"]
[SourceVersionDate "2017.10.13"]
[SourceQuality "1"]
[WhiteTeam "Bruckmuehl"]
[BlackTeam "Geiselhoering"]
[WhiteTeamCountry "GER"]
[BlackTeamCountry "GER"]

1. e4 d5 2. exd5 Qxd5 3. Nc3 Qa5 4. d4 Bf5 5. Nf3 Nf6 6. Bd3 Nbd7 7. 0-0 e6 8. Re1 0-0-0 9. Ng5 Bd6 10. Nxf7 Bg4 11. f3 Qh5 12. Nxd6+ cxd6 13. fxg4 Nxg4 14. h3 Ngf6 15. Qxh5 Nxh5 16. Rxe6 Ndf6 17. g4 1-0

[Event "Regionalliga SO 1314"]
[Site "Bayern"]
[Date "2014.02.09"]
[Round "6.3"]
[White "Jaworek, Thomas"]
[Black "Gschwendtner, Klaus"]
[Result "1-0"]
[WhiteElo "1992"]
[BlackElo "2030"]
[PlyCount "78"]
[EventDate "2013.10.13"]
[EventType "team-tourn"]
[EventRounds "9"]
[EventCountry "GER"]
[SourceTitle "EXT 2015"]
[Source "ChessBase"]
[SourceDate "2014.11.20"]
[SourceVersion "1"]
[SourceVersionDate "2014.11.20"]
[SourceQuality "1"]
[WhiteTeam "Bruckmuehl"]
[BlackTeam "Starnberger See"]
[WhiteTeamCountry "GER"]
[BlackTeamCountry "GER"]

1. e4 e5 2. f4 d5 3. exd5 exf4 4. Nf3 Nf6 5. Bc4 Nxd5 6. 0-0 Be6 7. Bb3 c5 8. d4 cxd4 9. Nxd4 Bc5 10. Kh1 Bxd4 11. Qxd4 0-0 12. Bxd5 Qxd5 13. Qxd5 Bxd5 14. Bxf4 Be4 15. c4 Bd3 16. Rc1 Re8 17. b3 Nc6 18. Nc3 Rad8 19. Re1 f6 20. Kg1 Kf7 21. Kf2 g5 22. Rxe8 Rxe8 23. Be3 a6 24. Rd1 Bf5 25. h3 h5 26. Bb6 Ne5 27. Rd6 Nd3+ 28. Kf3 Re1 29. Bd8 g4+ 30. hxg4 hxg4+ 31. Kg3 Re3+ 32. Kh4 Be6 33. Bb6 Re1 34. Rxd3 Kg6 35. Bd4 Bf5 36. Rd1 Re8 37. Kg3 Kg5 38. Nd5 Re2 39. Bxf6+ Kg6 1-0

[Event "Regionalliga SO 1314"]
[Site "Bayern"]
[Date "2013.12.15"]
[Round "4.4"]
[White "Gnegel, Boris Igor"]
[Black "Jaworek, Thomas"]
[Result "1/2-1/2"]
[WhiteElo "1989"]
[BlackElo "1992"]
[PlyCount "35"]
[EventDate "2013.10.13"]
[EventType "team-tourn"]
[EventRounds "9"]
[EventCountry "GER"]
[SourceTitle "EXT 2015"]
[Source "ChessBase"]
[SourceDate "2014.11.20"]
[SourceVersion "1"]
[SourceVersionDate "2014.11.20"]
[SourceQuality "1"]
[WhiteTeam "Tegernsee"]
[BlackTeam "Bruckmuehl"]
[WhiteTeamCountry "GER"]
[BlackTeamCountry "GER"]

1. Nc3 d5 2. e4 dxe4 3. Nxe4 Nf6 4. Qf3 Nxe4 5. Qxe4 Nd7 6. d4 Nf6 7. Qd3 g6 8. Be3 Bg7 9. Nf3 0-0 10. Be2 c6 11. 0-0 Bf5 12. Qd2 Ne4 13. Qc1 Qa5 14. c3 Rad8 15. Bh6 c5 16. Bxg7 Kxg7 17. Qe3 cxd4 18. Nxd4 1/2-1/2

[Event "Regionalliga SO 0405"]
[Site "Bayern"]
[Date "2005.02.13"]
[Round "7.3"]
[White "Jaworek, Thomas"]
[Black "Kern, Johannes"]
[Result "0-1"]
[WhiteElo "2017"]
[BlackElo "2164"]
[PlyCount "46"]
[EventDate "2004.10.24"]
[EventType "team-tourn"]
[EventRounds "9"]
[EventCountry "GER"]
[SourceTitle "EXT 2007"]
[Source "ChessBase"]
[SourceDate "2006.11.23"]
[SourceVersion "1"]
[SourceVersionDate "2006.11.23"]
[SourceQuality "1"]
[WhiteTeam "Vogtareuth"]
[BlackTeam "Trostberg"]
[WhiteTeamCountry "GER"]
[BlackTeamCountry "GER"]

1. e4 c5 2. Nf3 d6 3. d4 cxd4 4. Nxd4 Nf6 5. Nc3 a6 6. f4 Qc7 7. Bd3 e5 8. Nf5 Be6 9. 0-0 Nbd7 10. Kh1 Bxf5 11. exf5 Be7 12. Rf3 h5 13. Qe2 Kf8 14. Be3 Re8 15. Re1 Qc6 16. Bf2 Bd8 17. fxe5 Nxe5 18. Rg3 h4 19. Rh3 Neg4 20. Qf3 Nxf2+ 21. Qxf2 Ng4 22. Rxe8+ Qxe8 23. Qg1 Bb6 0-1

[Event "Regionalliga SO 0304"]
[Site "Bayern"]
[Date "2004.01.18"]
[Round "5.4"]
[White "Fuchs, Manfred"]
[Black "Jaworek, Thomas"]
[Result "0-1"]
[WhiteElo "1989"]
[BlackElo "2017"]
[PlyCount "70"]
[EventDate "2003.10.??"]
[EventType "team"]
[EventRounds "9"]
[EventCountry "GER"]
[SourceTitle "EXT 2006"]
[Source "ChessBase"]
[SourceDate "2005.11.24"]
[SourceVersion "1"]
[SourceVersionDate "2005.11.24"]
[SourceQuality "1"]
[WhiteTeam "Freilassing"]
[BlackTeam "Vogtareuth"]
[WhiteTeamCountry "GER"]
[BlackTeamCountry "GER"]

1. e4 e6 2. d4 d5 3. Nc3 Bb4 4. e5 c5 5. a3 Bxc3+ 6. bxc3 Ne7 7. a4 Qa5 8. Qd2 Nbc6 9. Nf3 b6 10. Bd3 Bd7 11. 0-0 cxd4 12. cxd4 Qxd2 13. Bxd2 0-0 14. Rfb1 Rab8 15. Bc1 Na5 16. Ba3 Rfe8 17. Nd2 Rbc8 18. Ra2 Nf5 19. Bxf5 exf5 20. Bb4 Nc6 21. c3 Nxb4 22. cxb4 Rc3 23. f4 Rec8 24. Rbb2 a6 25. Kf2 Kf8 26. Ke2 Ke7 27. Nf3 R8c4 28. Kd2 h6 29. h4 Rc1 30. Ne1 R1c3 31. Nc2 Rg3 32. Ne3 Rxd4+ 33. Ke2 Re4 34. Ra3 Rexe3+ 35. Rxe3 Rxg2+ 0-1

[Event "Regionalliga SO 0203"]
[Site "Bayern"]
[Date "2003.01.12"]
[Round "4.4"]
[White "Benischek, Wolfgang"]
[Black "Jaworek, Thomas"]
[Result "1/2-1/2"]
[WhiteElo "2059"]
[BlackElo "1996"]
[PlyCount "33"]
[EventDate "2002.10.20"]
[EventType "team"]
[EventRounds "9"]
[EventCountry "GER"]
[SourceTitle "EXT 2004"]
[Source "ChessBase"]
[SourceDate "2003.11.25"]
[SourceVersion "1"]
[SourceVersionDate "2003.11.25"]
[SourceQuality "1"]
[WhiteTeam "Freising"]
[BlackTeam "Vogtareuth"]
[WhiteTeamCountry "GER"]
[BlackTeamCountry "GER"]

1. e4 e6 2. d4 d5 3. Nd2 Nc6 4. c3 e5 5. exd5 Qxd5 6. Ngf3 exd4 7. Bc4 Qh5 8. 0-0 Nf6 9. Re1+ Be7 10. Nf1 0-0 11. Nxd4 Qxd1 12. Rxd1 Nxd4 13. cxd4 Bf5 14. Bf4 c6 15. Ne3 Be4 16. f3 Bd5 17. Nxd5 1/2-1/2

[Event "Regionalliga SO 0102"]
[Site "Bayern"]
[Date "2002.01.20"]
[Round "4.3"]
[White "Zill, Christoph"]
[Black "Jaworek, Thomas"]
[Result "1-0"]
[WhiteElo "2105"]
[BlackElo "2120"]
[PlyCount "99"]
[EventDate "2001.10.07"]
[EventType "team"]
[EventRounds "9"]
[EventCountry "GER"]
[SourceTitle "EXT 2003"]
[Source "ChessBase"]
[SourceDate "2002.11.25"]
[SourceVersion "1"]
[SourceVersionDate "2002.11.25"]
[SourceQuality "1"]
[WhiteTeam "Freising"]
[BlackTeam "Vogtareuth"]
[WhiteTeamCountry "GER"]
[BlackTeamCountry "GER"]

1. f4 d5 2. Nf3 Nf6 3. g3 c5 4. Bg2 Nc6 5. d3 g6 6. 0-0 Bg7 7. Qe1 0-0 8. Na3 Re8 9. c3 e5 10. fxe5 Nxe5 11. Nxe5 Rxe5 12. Bf4 Re6 13. Qf2 Qe7 14. Rae1 Bd7 15. Bh3 Rc6 16. Bxd7 Qxd7 17. e4 dxe4 18. dxe4 Qe6 19. e5 Nd5 20. Qe2 Re8 21. Rf2 Nxf4 22. gxf4 f6 23. exf6 Bxf6 24. Qc4 Qxc4 25. Rxe8+ Kf7 26. Nxc4 Kxe8 27. Kg2 Ke7 28. Kf3 Ke6 29. Re2+ Kd5 30. Ne3+ Kd6 31. Ng4 Be7 32. Ne5 Rc7 33. c4 Bf6 34. Ke4 Re7 35. Rd2+ Kc7 36. Rd5 b6 37. a4 Bg7 38. a5 Bf6 39. b3 Bg7 40. axb6+ axb6 41. Rd3 Bf6 42. Rd1 Bg7 43. h4 Bf6 44. h5 gxh5 45. Rh1 b5 46. Rxh5 bxc4 47. bxc4 Rg7 48. Kd5 Be7 49. f5 Bd6 50. f6 1-0

[Event "Regionalliga SO 0102"]
[Site "Bayern"]
[Date "2001.11.25"]
[Round "3.3"]
[White "Jaworek, Thomas"]
[Black "Bayer, Bernhard"]
[Result "1-0"]
[WhiteElo "2120"]
[BlackElo "2205"]
[PlyCount "51"]
[EventDate "2001.10.07"]
[EventType "team"]
[EventRounds "9"]
[EventCountry "GER"]
[SourceTitle "EXT 2003"]
[Source "ChessBase"]
[SourceDate "2002.11.25"]
[SourceVersion "1"]
[SourceVersionDate "2002.11.25"]
[SourceQuality "1"]
[WhiteTeam "Vogtareuth"]
[BlackTeam "Tegernsee II"]
[WhiteTeamCountry "GER"]
[BlackTeamCountry "GER"]

1. e4 d6 2. d4 Nf6 3. Nc3 g6 4. f4 Bg7 5. Nf3 0-0 6. Bd3 c6 7. e5 Ne8 8. 0-0 Nd7 9. Ne4 Qb6 10. Kh1 c5 11. c3 cxd4 12. cxd4 Nc7 13. Qe1 f6 14. Qh4 dxe5 15. fxe5 Qc6 16. Bh6 Nb6 17. Nfg5 fxg5 18. Nxg5 Ne6 19. Bxg7 Rxf1+ 20. Rxf1 Nxg5 21. Qxg5 Kxg7 22. Qxe7+ Kh6 23. Qf8+ Kh5 24. Be2+ Bg4 25. Bxg4+ Kxg4 26. Qh6 1-0

[Event "Oberbayern-ch"]
[Site "Germany"]
[Date "1996.??.??"]
[Round "?"]
[White "Graf, Christian"]
[Black "Jaworek, Thomas"]
[Result "1/2-1/2"]
[WhiteElo "2130"]
[BlackElo "1955"]
[PlyCount "81"]
[EventDate "1996.??.??"]
[EventType "swiss"]
[EventRounds "7"]
[EventCountry "GER"]
[SourceTitle "EXT 2004"]
[Source "ChessBase"]
[SourceDate "2003.11.25"]
[SourceVersion "1"]
[SourceVersionDate "2003.11.25"]
[SourceQuality "1"]

1. e4 e6 2. d4 d5 3. Nd2 Nf6 4. Bd3 c5 5. e5 Nfd7 6. c3 Nc6 7. Ne2 Qb6 8. Nf3 cxd4 9. cxd4 f6 10. exf6 Nxf6 11. 0-0 Bd6 12. Nc3 0-0 13. Re1 Bd7 14. a3 Rae8 15. Bg5 a6 16. Ne5 Bc8 17. Nxc6 bxc6 18. Bh4 Qxb2 19. Na4 Qb8 20. Bg3 Bxg3 21. hxg3 e5 22. Rb1 Qd6 23. dxe5 Rxe5 24. Rxe5 Qxe5 25. Qe2 Qd4 26. Qd1 Ne4 27. Bxe4 Qxf2+ 28. Kh2 dxe4 29. Nc3 e3 30. Qd4 Qd2 31. Qc4+ Kh8 32. Rb8 Qd6 33. Ra8 Qxa3 34. Qxc6 Bg4 35. Rxa6 Qe7 36. Nd5 Qe5 37. Ra8 Kg8 38. Rxf8+ Kxf8 39. Qc5+ Kf7 40. Qa7+ Kg6 41. Nxe3 1/2-1/2